| 000 | 00000nam##2200000za#4500 |
| 001 | 9.675760 |
| 003 | CaOODSP |
| 005 | 20210624225424 |
| 007 | cr ||||||||||| |
| 008 | 150407|2001||||xxc|||||o f|0| 0 fre|d |
| 040 | |aCaOODSP|bfre |
| 041 | |aeng |
| 041 | |afre |
| 043 | |an-cn--- |
| 086 | 1 |aH21-172/2001-2-PDF |
| 110 | 1 |aCanada.|bSanté Canada. |bDirection générale de la politique de la santé et des communications. |
| 245 | 10|aDépenses de santé au Canada selon l'âge et le sexe, 1980-1981 à 2000-2001 : |h[ressource électronique]|bannexe statistique |
| 260 | |aOttawa - Ontario : |bSanté Canada. |cAoût 2001. |
| 300 | |a22, 37, 422p.|bgraphiques, tableaux |
| 500 | |aLe rapport est disponible sous le n° de catalogue H21-172/2001-PDF. Le n° de catalogue (H21-172/2001-2) et l'ISBN (0-662-65967-8) de l'édition imprimée bilingue ont été incorrectement copiés dans l'édition électronique. |
| 590 | |a12-21-Supp|b2012-05-18 |
| 691 | 07|aCoût|2gcpds |
| 691 | 07|aIndustrie de la santé|2gcpds |
| 776 | 0#|tHealth expenditures in Canada by age and sex, 1980-81 to 2000-01: statistical annex |w(CaOODSP)9.663069 |
| 791 | |tHealth expenditures in Canada by age and sex, 1980-81 to 2000-01 : |eeng|w(CaOODSP)9.675759 |
| 856 | 40|ahttp://publications.gc.ca|qPDF|s3.20 Mo|uhttps://publications.gc.ca/collections/Collection/H21-172-2001-2_3.pdf |
| 856 | 40|ahttp://publications.gc.ca|qPDF|s227 Ko|uhttps://publications.gc.ca/collections/Collection/H21-172-2001-2_2.pdf |
| 856 | 40|ahttp://publications.gc.ca|qPDF|s54 Ko|uhttps://publications.gc.ca/collections/Collection/H21-172-2001-2_1.pdf |